The Financial work of the Generalitat of Catalunya : Discourse pronounced by the Honourable The Councillor of Finances Josep Tarradellas in the Parliament of Catalunya during the session of the 1st of march 1938 Discourse pronounced by the Honourable The Councillor of Finances Josep Tarradellas in the Parliament of Catalunya during the session of the 1st of march 1938
Descripción Física:
61 p. , 28 cm
MARC
| LEADER | 00000nam a2200000Ia 4500 | ||
|---|---|---|---|
| 001 | 8128 | ||
| 008 | 160829s1938 xx 000 0 cat d | ||
| 080 | |a M-3-184 | ||
| 100 | |a Tarradellas, Josep, |d 1899-1988 |9 25479 | ||
| 245 | 4 | |a The Financial work of the Generalitat of Catalunya : |b Discourse pronounced by the Honourable The Councillor of Finances Josep Tarradellas in the Parliament of Catalunya during the session of the 1st of march 1938 | |
| 260 | |a Barcelona : |b [Generalitat de Catalunya], |c 1938 | ||
| 300 | |a 61 p. , 28 cm | ||
| 610 | 1 | 0 | |a Catalunya. |b Generalitat |x Assignacions pressupostàries i despeses |9 55724 |
| 901 | |a Arxiu | ||
| 942 | |n 1 | ||
| 952 | |0 0 |1 0 |4 0 |6 M3184 |7 1 |9 43637 |a Arxiu |b Arxiu |d 2016-12-01 |l 0 |o M-3-184 |p 8128 |r 2016-12-01 00:00:00 |w 2016-12-01 |y ARXIU | ||
| 999 | |c 46185 |d 46185 | ||